Persanakan dan perkahwinan / (Record no. 1497)
[ view plain ]
| 000 -LEADER | |
|---|---|
| fixed length control field | aam a22 a 4500 |
| 003 - CONTROL NUMBER IDENTIFIER | |
| control field | AKMAL |
| 005 - DATE AND TIME OF LATEST TRANSACTION | |
| control field | 20170509162549.0 |
| 008 - FIXED-LENGTH DATA ELEMENTS--GENERAL INFORMATION | |
| fixed length control field | 170509s1985 my 00 may d |
| 040 ## - CATALOGING SOURCE | |
| Original cataloging agency | AKMAL |
| Transcribing agency | AKMAL |
| 041 1# - LANGUAGE CODE | |
| Language code of text/sound track or separate title | may |
| Language code of original | eng |
| 049 00 - LOCAL HOLDINGS (OCLC) | |
| Holding library | mal |
| 050 10 - LIBRARY OF CONGRESS CALL NUMBER | |
| Classification number | GN480 |
| 082 04 - DEWEY DECIMAL CLASSIFICATION NUMBER | |
| Classification number | 306.81 FOX |
| 090 00 - LOCALLY ASSIGNED LC-TYPE CALL NUMBER (OCLC); LOCAL CALL NUMBER (RLIN) | |
| Classification number (OCLC) (R) ; Classification number, CALL (RLIN) (NR) | 306.81 |
| Local cutter number (OCLC) ; Book number/undivided call number, CALL (RLIN) | FOX |
| 100 1# - MAIN ENTRY--PERSONAL NAME | |
| Personal name | Fox, Robin, |
| Dates associated with a name | 1934- |
| 9 (RLIN) | 2985 |
| 245 10 - TITLE STATEMENT | |
| Title | Persanakan dan perkahwinan / |
| Statement of responsibility, etc. | Robin Fox ; terjemahan, Suffian Sahuri |
| 250 ## - EDITION STATEMENT | |
| Edition statement | Edisi ke 2 |
| 260 ## - PUBLICATION, DISTRIBUTION, ETC. | |
| Place of publication, distribution, etc. | Kuala Lumpur : |
| Name of publisher, distributor, etc. | Dewan Bahasa dan Pustaka, |
| Date of publication, distribution, etc. | 1985 |
| 300 00 - PHYSICAL DESCRIPTION | |
| Extent | xxiii, 254p. ; |
| Dimensions | 22cm |
| 500 ## - GENERAL NOTE | |
| General note | Judul asli : Kinship and marriage |
| 650 #0 - SUBJECT ADDED ENTRY--TOPICAL TERM | |
| Topical term or geographic name entry element | Kinship |
| 9 (RLIN) | 2986 |
| 650 #0 - SUBJECT ADDED ENTRY--TOPICAL TERM | |
| Topical term or geographic name entry element | Marriage customs and rites |
| 9 (RLIN) | 2987 |
| 700 0# - ADDED ENTRY--PERSONAL NAME | |
| Personal name | Suffian Sahuri |
| 9 (RLIN) | 2988 |
| 942 ## - ADDED ENTRY ELEMENTS (KOHA) | |
| Source of classification or shelving scheme | |
| Koha item type | Book |
No items available.
